Festival Zlatý Gaštan 2019

Bibliographic Details
Format: Article
Language:Slovak
PhysicalDescription:Fotografie
ISSN:1338-1040
Subjects:

MARC

LEADER 00000nab a2200000 4500
001 vtls011886905
003 SK-MaSNL
005 20260303210312.0
008 190913|2019 xo w||| || ||00 0|slo
040 |e rda 
041 |a slo 
044 |a xo  |c SK 
072 7 |a 78  |x Hudba  |2 konspekt 
080 |a 78.079  |2 2011 
245 0 0 |a Festival Zlatý Gaštan 2019  |c MsDK 
300 |b Fotografie 
336 |a text  |b txt  |2 rdacontent 
337 |a bez média  |b n  |2 rdamedia 
338 |a zväzok  |b nc  |2 rdacarrier 
611 2 7 |a Zlatý gaštan  |n (37. :  |d 2019 :  |c Vranov nad Topľou, Slovensko)  |2 vthk  |9 1241822 
650 0 7 |a hudobné festivaly  |2 vthk  |9 2958 
651 7 |a Vranov nad Topľou (Slovensko)  |2 vthk  |9 17494 
773 0 |t Vranovské novinky  |g Roč.23, č.35 (2019), s.9  |x 1338-1040 
999 |c 2199709  |d 2201639